Weiss's herbal medicine / (رقم التسجيلة. 22358)

تفاصيل مارك
000 -الفاتح
حقل البيانات ثابتة الطول 01402cam a22003614a 4500
001 - رقم الضبط
رقم الضبط 12651881
003 - محدد رقم الضبط
رقم الضبط OSt
005 - وقت وتاريخ اخر تعامل مع التسجيلة
رقم الضبط 20150408114026.0
008 - عناصر البيانات ثابتة الطول - معلومات عامة
حقل البيانات ثابتة الطول 020122s2001 gw b b 000 0 eng
010 ## - رقم ضبط مكتبة الكونجرس
رقم ضبط مكتبة الكونجرس 2002275462
020 ## - الرقم الدولى المعيارى للكتب
الرقم الدولى المعيارى للكتاب 158890069X
040 ## - مصدر الفهرسة
وكالة الفهرسة الأصلية DLC
وكالة النسخ DLC
وكالة التعديل DLC
041 1# - رمز اللغة
رمز لغة النص/ المسارات الصوتية أو العنوان الانفرادي eng
رمز لغة الترجمات و/او الاصلية المتوسطة للنص ger
042 ## - رمز التحقق
رمز التحقق pcc
050 00 - رقم طلب مكتبة الكونجرس
رقم التصنيف RM666.H33
رقم المادة W444213 2001
082 00 - رقم تصنيف ديوى العشرى
رقم التصنيف 615.321
رقم الطبعة 21
100 1# - المدخل الرئيسى - إسم شخصى
الإسم الشخصى Weiss, R. F.
الشكل الأكمل للاسم (Rudolf Fritz)
9 (RLIN) 11475
240 10 - العنوان الموحد
عنوان موحد <a href="Lehrbuch der Phytotherapie.">Lehrbuch der Phytotherapie.</a>
لغة العمل English
245 10 - بيان العنوان
العنوان Weiss's herbal medicine /
بيان المسئوليه,etc Rudolf Fritz Weiss.
246 30 - العنوان الموازى
عنوان صحيح/عنوان مختصر Herbal medicine
250 ## - بيان الطبعة
بيان الطبعة Classic ed.
260 ## - PUBLICATION, DISTRIBUTION, ETC. (IMPRINT)
مكان الناشر او الموزع Stuttgart ;
-- New York :
اسم الناشر او الموزع Thieme,
تاريخ النشر أو التوزيع 2001.
300 ## - الوصف المادى
التعداد 362 p. :
تفاصيل ماديه اخرى للوعاء ill., map ;
أبعاد الوعاء 25 cm.
500 ## - تبصرة عامة
تبصرة عامة Translated by A.R. Meuss.
500 ## - تبصرة عامة
تبصرة عامة A reprint of the authorized translation of the 6th German ed., Stuttgart : Hippokrates, 1960, 1974, 1980, 1982, 1985. Title of the original German ed.: Lehrbuch der Phytotherapie.
504 ## - تبصرة ببليوجرافية
تبصرة ببليوجرافية,الخ Includes bibliographical references and index.
650 #0 - المدخل الاضافى بالموضوع-مصطلح موضوعى
مصطلح موضوعي أو اسم جغرافي كعنصر مدخل Herbs
التقسيم الفرعي العام Therapeutic use.
700 1# - المدخل الاضافى - اسم شخصى
الإسم الشخصى Meuss, A. R.
9 (RLIN) 11486
856 42 - الوصول و الموقع الالكترونى
مواد محددة Publisher description
معرف المصدر الموحد <a href="http://www.loc.gov/catdir/enhancements/fy1002/2002275462-d.html">http://www.loc.gov/catdir/enhancements/fy1002/2002275462-d.html</a>
856 42 - الوصول و الموقع الالكترونى
مواد محددة Contributor biographical information
معرف المصدر الموحد <a href="http://www.loc.gov/catdir/enhancements/fy1009/2002275462-b.html">http://www.loc.gov/catdir/enhancements/fy1009/2002275462-b.html</a>
942 ## - عناصر المدخل الإضافي( كوها)
مصدر التصنيف او مخطط الترفيف Dewey Decimal Classification
Koha [default] item type كتاب
المقتنيات
حالة الفقد نموذج السعر الفعال حالة تلف ليس للاعارة رقم الطلب تاريخ الاكتساب الموقع الحالي الباركود الفرع الرئيسي Date last seen نوع المادة فى نظام كوها مصدر التصنيف او خطة الترفيف Total Checkouts
  2013-03-10     615.321 W R W 2012-04-19 مكتبة كلية العلوم الطبية التطبيقية بالمجمعة - طالبات (AMF) 00076490 مكتبة كلية العلوم الطبية التطبيقية بالمجمعة - طالبات (AMF) 2013-03-10 كتاب Dewey Decimal Classification  
  2013-03-10     615.321 W R W 2012-04-19 مكتبة كلية العلوم الطبية التطبيقية بالمجمعة - طالبات (AMF) 00076489 مكتبة كلية العلوم الطبية التطبيقية بالمجمعة - طالبات (AMF) 2013-03-10 كتاب Dewey Decimal Classification  
  2013-03-10     615.321 W R W 2012-04-19 مكتبة كلية العلوم الطبية التطبيقية بالمجمعة - طالبات (AMF) 00076488 مكتبة كلية العلوم الطبية التطبيقية بالمجمعة - طالبات (AMF) 2013-03-10 كتاب Dewey Decimal Classification  
  2013-03-10     615.321 W R W 2012-04-19 مكتبة كلية العلوم الطبية التطبيقية بالمجمعة - طالبات (AMF) 00076487 مكتبة كلية العلوم الطبية التطبيقية بالمجمعة - طالبات (AMF) 2013-03-10 كتاب Dewey Decimal Classification